MDQL
is popping MORE tags! Check the
thread
!
Quizzes
Events
Quiz Creation
Community
Videos
Private Events
Remove Ads
Sign In
Join for FREE
Feedback
Dark Mode
Quiz Categories
Sports
Geography
Music
Movies
Television
Just For Fun
Miscellaneous
History
Literature
Language
Science
Gaming
Entertainment
Religion
Holiday
For Kids
Quiz Lab
Recent
Popular Today
Quiz Kudos Today
Editor Picks
Curator Picks
Quizzes by...
Day
Popularity
Type
Ratings
Length
Year
Community
Subscriptions
Recent Discussions
Orange Saloon
Badges
Playlists
Quests
Create
Leaderboards
Showdown
Live 5
Trivia Bingo
Activity
Puzzle Library
Sporcle Events
Private Events
Virtual Trivia
Globe League
Become a Host
Pub Owners
SporcleCon
Opinionation
Our Games
Videos
Blog
Mobile Apps
Partnerships
Remove Ads and Go Orange
Feedback
Science
Computer
Plants
Astronomy
Chemistry
Elements
Math
Animal
Physics
Anatomy
Biology
Geology
General Science
Science
Computer
Plants
Astronomy
Chemistry
Elements
Math
Animal
Physics
Anatomy
Biology
Geology
General Science
Random Quiz
Search Sporcle
×
Quiz Lab
Quiz Lab
Science
sun
Type in answers that appear in a list
Type in answers that appear in a list
Classic
Best Score? Go Orange.
The Sun Stats
Can you name the properties of the Sun??
By
drvelcro
5m
11 Questions
22 Plays
22 Plays
22 Plays
Comments
Comments
Give Quiz Kudos
Give Quiz Kudos
-
- Ratings
hide this ad
Forced Order
Answers have to be entered in order
Answers have to be entered in order
Random Order
Randomize order of answers
Randomize order of answers
Replay
Link that replays current quiz
Next Quiz
Link to next quiz in quiz playlist
You Got
0%
They Got
Avg Score
45%
Avg Friend Score
Upgrade to see
Score Distribution
Jump to the score distribution portion of the page
Score
0/11
Timer
05:00
0
Plays Today
Data
Property
% Correct
5780 K
Surface temperature
86.4%
1.99x10^30 kg
Mass
77.3%
6.96x10^5 km
Equatorial radius
72.7%
1.41x10^3 kg/
m^3
Average Density
54.5%
1.50x10^8 km
Distance to Earth
50%
3.85x10^26 J/
s
Luminosity
40.9%
G2V
Spectral Classification
31.8%
618 km/
s
Escape velocity
22.7%
-
26.7
Apparent magnitude
22.7%
4.83
Absolute magnitude
22.7%
220 km/
s
Orbital velocity around galactic centre
18.2%
Quiz Playlist
Details
Report
Send in Message
Add To Playlist
Classic:
Type in answers that appear in a list
Forced Order:
Answers have to be entered in order
Random Order:
Randomize order of answers
Quiz Source
Last Updated: Feb 16, 2017
Quiz Scoreboard
CHALLENGE
Sign Up to Join the Scoreboard
Show All
Scores
Hide
Comments
May contain spoilers
Recently Published
Colored Red Africa Blitz
by spor1
Geography
30s
Find the 'City' Movie
by crazypaving
Movies
60s
5x2 Blitz: Bands
by SL_Kpop136
Music
30s
More to Explore
Quiz From the Vault
Featured Blog Post
14 Easter Pick-up Lines to Find Eggs With
hide this ad
You Might Also Like...
Tags
data
Property
sun
Today's Top Quizzes in Science
Browse Science
hide this ad
Today's Top Quizzes in sun
Browse sun
Top Contributed Quizzes in Science
1
Glycolysis
2
Square Numbers Scrambled (1-50)
3
Vet Tech Pharmacology Drug Contraindications
4
Missing Vowel Minefield: Lanthanides
5
'C' Flowers II
6
Sorting Squares: Animals by Continent
7
Multiplication table 1-10
8
Amino Acid Groups
9
Astronomy Spelling Bee
10
3-letter Elementary Words
Explore More
Trending Topics
Kpop
Disney
Anime
Marvel
NBA
Harry Potter
Crossword
NFL
Soccer
Pokémon
WWE
The Office
Song
Puzzle
Country
hide this ad
More By:
drvelcro
Quiz
Plays
Rating
Category
Featured
Created
Pokemon cards from attacks II (1st gen)
341
4.60
Gaming
Sep 3, 2011
Formula One Circuits
271
2.00
Sports
Nov 27, 2010
Pokemon cards from attacks (1st gen)
229
4.33
Gaming
Nov 28, 2010
Pokemon card Holos (base set)
197
5.00
Gaming
Nov 27, 2010
Puns: fill in the blank
120
2.25
Language
Jun 3, 2011
Go to Creator's Profile
Score Distribution
Quiz Creator Spotlight
drvelcro
Follow
Send a Message
Quizzes Created
-
Created Quiz Play Count
-
More By This Creator
Popular Quizzes Today
1
Find the 'City' Movie
2
Colored Red Africa Blitz
3
Find the US States - No Outlines Minefield
4
5x2 Blitz: Bands
5
The Countries of the World
6
Find the US States
7
US States
8
9x9 Crossword: Cartoon Network
More Science Quizzes
'Super' Science
Curator's Pick
Trending Quizzes
Colored Red Europe Blitz I
Colored Red Africa Blitz II
Colored Red Europe Blitz II
Colored Red Africa Blitz III
Colored Red Europe Blitz III
Recently Updated
2024 March Madness Bracket
pecheneg
Famous TV Couples
Peacemaker
Champions League XIs: Real Madrid
pecheneg
Largest US Cities 1790-2010
pecheneg
Rides in Walt Disney World
pecheneg
Most Oscar Losses (Acting)
pecheneg
Beyoncé Albums
pecheneg
Leaping Animals
pecheneg
Reality TV Shows (A-Z)
bhenderson79
Rickey Henderson's Hall of Fame Teammates
pecheneg
Trending Topics
Marvel
NBA
Kpop
Crossword
Anime
Harry Potter
Disney
Puzzle
Pokémon
Soccer
The Office
Country
Song
NFL
WWE
Your Account Isn't Verified!
In order to create a playlist on Sporcle, you need to verify the email address you used during registration. Go to your
Sporcle Settings
to finish the process.
Report this User
Report this user for behavior that violates our
Community Guidelines
.
Details:
Send Report
Go to the Sporcle.com Mobile Site →
Comments